[Event "Chefchaouen op 18th"]
[Site "Chefchaouen"]
[Date "2019.07.16"]
[Round "2"]
[White "Levin, Evgeny A"]
[Black "Douich, Mehdi"]
[Result "1-0"]
[WhiteElo "2504"]
[BlackElo "2022"]
[PlyCount "24"]
[EventDate "2019.07.15"]
[EventType "swiss"]
[EventRounds "9"]
[EventCountry "MAR"]
[SourceTitle "CBM 191 Extra"]
[Source "ChessBase"]
[SourceDate "2019.09.30"]
[SourceVersion "1"]
[SourceVersionDate "2019.09.30"]
[SourceQuality "1"]

1. d4 Nf6 2. c4 g6 3. Nc3 Bg7 4. e4 d6 5. Be2 0-0 6. Be3 c5 7. d5 Qa5 8. Bd2 Nbd7 9. Nf3 a6 10. 0-0 Qc7 11. a4 Re8 12. Bf4 Kf8 1-0

[Event "El Ksiba op"]
[Site "El Ksiba"]
[Date "2019.04.09"]
[Round "2"]
[White "Zaibi, Amir"]
[Black "Douich, Mehdi"]
[Result "1-0"]
[WhiteElo "2395"]
[BlackElo "2022"]
[PlyCount "61"]
[EventDate "2019.04.08"]
[EventType "swiss"]
[EventRounds "9"]
[EventCountry "MAR"]
[SourceTitle "CBM 189 Extra"]
[Source "ChessBase"]
[SourceDate "2019.06.03"]
[SourceVersion "1"]
[SourceVersionDate "2019.06.03"]
[SourceQuality "1"]

1. d4 Nf6 2. c4 g6 3. Nc3 Bg7 4. g3 0-0 5. Bg2 d6 6. Nf3 c6 7. 0-0 Qa5 8. h3 e5 9. e4 Nbd7 10. Be3 Qa6 11. Rc1 Re8 12. d5 c5 13. b4 cxb4 14. Nb5 Nc5 15. Nc7 Qa5 16. Nxe8 Nxe8 17. Nd2 Qc7 18. a3 bxa3 19. Ra1 f5 20. Rxa3 b6 21. exf5 gxf5 22. Qh5 Bd7 23. Bh6 Bf6 24. g4 fxg4 25. Ne4 Nxe4 26. Bxe4 Qxc4 27. Re1 Ng7 28. Bxg7 Bxg7 29. hxg4 Be8 30. Bxh7+ Kf8 31. Rf3+ 1-0

[Event "El Ksiba op"]
[Site "El Ksiba"]
[Date "2018.05.03"]
[Round "9"]
[White "Douich, Mehdi"]
[Black "Larino Nieto, David"]
[Result "0-1"]
[WhiteElo "2022"]
[BlackElo "2452"]
[PlyCount "86"]
[EventDate "2018.04.28"]
[EventType "swiss"]
[EventRounds "9"]
[EventCountry "MAR"]
[SourceTitle "CBM 184 Extra"]
[Source "ChessBase"]
[SourceDate "2018.06.28"]
[SourceVersion "1"]
[SourceVersionDate "2018.06.28"]
[SourceQuality "1"]

1. e4 e6 2. d4 h6 3. Bd3 b6 4. Nd2 Bb7 5. Ngf3 g5 6. h3 d6 7. Qe2 a6 8. Nf1 Nd7 9. Ng3 Ne7 10. Bd2 c5 11. c3 Ng6 12. 0-0-0 b5 13. e5 Bxf3 14. gxf3 d5 15. Bxg6 fxg6 16. f4 gxf4 17. Bxf4 Be7 18. Qg4 Nf8 19. dxc5 Qc7 20. Ne2 Bxc5 21. Nd4 Bxd4 22. Rxd4 Rh7 23. Qe2 Qc6 24. h4 a5 25. Kb1 Qb7 26. Qd2 g5 27. Bg3 Rc8 28. Qd3 Rc4 29. Rd1 Rhc7 30. hxg5 hxg5 31. Qf3 Rg7 32. Rxc4 bxc4 33. Rh1 Rh7 34. a3 g4 35. Qg2 Qf7 36. Rxh7 Qxh7+ 37. Ka2 a4 38. Qf1 Qc2 39. Qh1 Ng6 40. Qh7 d4 41. Qg8+ Nf8 42. Qxg4 dxc3 43. Qh5+ Ng6 0-1

[Event "Arab Clubs-chT"]
[Site "Marrakesh"]
[Date "2016.12.03"]
[Round "2"]
[White "Douich, Mehdi"]
[Black "Al Hajiri, Bader"]
[Result "1-0"]
[WhiteElo "2020"]
[BlackElo "2145"]
[PlyCount "47"]
[EventDate "2016.12.02"]
[EventType "team-tourn"]
[EventRounds "7"]
[EventCountry "MAR"]
[SourceTitle "CBM 176 Extra"]
[Source "ChessBase"]
[SourceDate "2017.03.02"]
[SourceVersion "1"]
[SourceVersionDate "2017.03.02"]
[SourceQuality "1"]
[WhiteTeam "Elmanara"]
[BlackTeam "Kuwait Mind Sports"]
[WhiteTeamCountry "MAR"]
[BlackTeamCountry "KUW"]

1. e4 e5 2. Nf3 Nc6 3. d4 exd4 4. Nxd4 Bc5 5. Be3 Qf6 6. Nb5 Bxe3 7. fxe3 Qxb2 8. N1c3 Qb4 9. Nxc7+ Kd8 10. N7d5 Qc5 11. Qg4 Nge7 12. Bd3 Ng6 13. 0-0 d6 14. Qg3 Nce5 15. Rab1 Bd7 16. h4 Bc6 17. h5 Ne7 18. Qxg7 Nxd5 19. Qxh8+ Kd7 20. Qxa8 Qxe3+ 21. Kh1 Nxc3 22. Rxb7+ Bxb7 23. Qxb7+ Kd8 24. Qb4 1-0